| 000 | 00658nam a2200217Ia 4500 | ||
|---|---|---|---|
| 005 | 20241129111214.0 | ||
| 008 | 241129s9999||||xx |||||||||||||| ||und|| | ||
| 020 | _a978-93-95651-96-7 | ||
| 037 | _aTB | ||
| 040 |
_aCRL _beng _cCRL |
||
| 041 |
_aeng _2eng |
||
| 084 |
_aV2 R3 _qCRL |
||
| 100 |
_aNayak Sadananda Ed.; Malik Sankarsan Ed. _9723631 |
||
| 245 | 0 |
_aRelooking at indian history: science belief and narrative _cNayak Sadananda Ed.; Malik Sankarsan Ed. |
|
| 260 |
_aNew Delhi, India _bKunal Books _c2023 |
||
| 300 | _aviii,280p. | ||
| 365 |
_aINR _b1195 |
||
| 650 | _aIndian History | ||
| 942 |
_cTB _hV2 R3 |
||
| 999 |
_c1229375 _d1229375 |
||